| 000 | 00527cam a2200193 4500 | ||
|---|---|---|---|
| 001 | D2325 | ||
| 008 | 090401t1981 xxu||||| |||| 00| 0 eng d | ||
| 035 | _a(Sirsi) u97932 | ||
| 041 | _aeng | ||
| 050 | _a338.4569 | ||
| 110 |
_aChartered Institute of Building _92134 |
||
| 245 | _aSite Management Information Service No. 87. Weather and construction | ||
| 260 |
_aAscot, Berks _bCIOB _c1981 |
||
| 300 | _a11p. 30cm | ||
| 350 | _a0 | ||
| 490 |
_aSite Management Information Service _v87 |
||
| 942 | _n0 | ||
| 948 | _c04/03/1997 | ||
| 999 |
_c99029 _d99029 |
||